| 000 | 00456nam a2200169Ia 4500 | ||
|---|---|---|---|
| 003 | GCL | ||
| 008 | 140319s9999 xx 000 0 ara d | ||
| 040 |
_aGCL / _cGCL |
||
| 082 | 0 | 4 |
_a813.03 _bا ص |
| 100 | 1 | _aاحمد محمد عيش | |
| 245 | 1 | 0 |
_aصرعى البؤس / _cاحمد محمد عيش |
| 300 | _a212 ص | ||
| 490 |
_aالالف كتاب _v0 |
||
| 650 | 0 | 4 | _aالادب العربى |
| 650 | 0 | 4 | _aالقصص العربية |
| 942 |
_2ddc _cBK |
||
| 999 |
_c45326 _d45326 |
||